Breviarium iuris romani
Saved in:
| Main Authors: | , |
|---|---|
| Format: | Bog |
| Sprog: | italiensk |
| Udgivet: |
Milán
Dott. A. Giuffrè
1962
|
| Udgivelse: | 3a. ed |
| Fag: | |
| Tags: |
Tilføj Tag
Ingen Tags, Vær først til at tagge denne postø!
|
MARC
| LEADER | 00000nam a2200000 a 4500 | ||
|---|---|---|---|
| 001 | UCR2623 | ||
| 003 | CL-VaPUC | ||
| 008 | 980112e19620000IT |||||||||||||||||ita|d | ||
| 082 | 0 | 4 | |a 340.54 |b ARA |2 21 |
| 100 | 0 | |a Arangio-Ruiz, Vicenzo |e author |9 400773 | |
| 700 | 0 | |a Guarino, Antonio |e author |9 351123 | |
| 245 | 1 | 0 | |a Breviarium iuris romani |
| 250 | |a 3a. ed | ||
| 300 | |a 715 p | ||
| 942 | |c BK | ||
| 945 | |d 19980112 00:00:00 |a aolguin | ||
| 260 | |a Milán |b Dott. A. Giuffrè |c 1962 | ||
| 650 | 0 | |a Derecho romano |9 255930 | |
| 650 | 0 | |a Instituciones jurídicas |9 380718 | |
| 650 | 0 | |a Derecho justiniano |9 397596 | |
| 650 | 7 | |a DERECHO OBJETIVO |2 CL-VaPUC |9 394408 | |
| 650 | 0 | |a Derecho subjetivo |9 256705 | |
| 650 | 0 | |a Derecho Real |9 390880 | |
| 583 | |a last modification |c 20170612 12:57:26 |k Rodrigo Vera | ||
| 999 | |c 265756 |d 265754 | ||
| 952 | |0 0 |1 0 |4 0 |6 340_540000000000000_ARA_1962 |7 0 |8 DER_ROM |9 296827 |a BIBDER |b BIBDER |d 2019-11-20 |i 1931229 |l 1 |o 340.54 ARA 1962 |p 1931229 |r 2023-01-25 |s 2020-03-16 |w 2019-11-20 |x Ubicación 4to piso |y BK_X |z Este recurso debe solicitarse con anticipación |k DER | ||